000 01708cam a2200457 a 4500
001 22276
003 VRT
005 20260324162710.0
008 240226s1994 xo gr 000 f slo
015 _aSNBA1995/01
020 _a8022005568
_q(viazané)
035 _aSNK000020369
039 9 _a202406241426
_bcsnk01
_c202402262013
_dVLOAD
_c202401111552
_dVLOAD
_c202304112203
_dAUTHORITY
040 _aSNK
_bslo
_cSNK
_eAACR2
041 1 _aslo
_heng
044 _axo
_cSK
072 7 _a821.111-3
_xAnglická próza, anglicky písaná
_2konspekt
080 _a820-3
_21981
080 _a821.111-31
_22011
080 _a(0:82-311.6)
_22011
100 1 _aCookson, Catherine,
_d1906-1998
_4aut
240 1 4 _aThe Maltese Angel
_lSlovensky
245 1 0 _aMaltézsky anjel
_bromán vášní a pomsty
_cCatherine Cooksonová ; preklad Zora Čergovská
250 _a1. vyd.
260 _aBratislava
_bSlovenský spisovateľ
_c1994
_eBratislava
_fSvornosť
300 _a333 strán
_c21 cm
490 1 _aSpoločnosť priateľov krásnych kníh
_vzv. 561
500 _aPreložené z angličtiny
655 7 _aanglické romány
_2SNKPH
655 7 _ahistorické romány
_2SNKPH
700 1 _aČergovská, Zora,
_d1930-
_4trl
830 0 _aSpoločnosť priateľov krásnych kníh
942 _2ddc
_cKLDO
_n0
949 _6270001000104470
_asvkbbA 87969
_bsvkbbm 589995
949 _617A1015869
_asnkSC 87465
_bsnkKSP 690/95
_s6100:20230117
949 _617A0078627
_9P60, <05>, [BOOK], {605}
_asnkSC 87465 D1
949 _63869A07255
_abpksh821.111-3
_bbpksh56221
949 _6273K0202619
_asvkpoA 164500
_bsvkpo406567
_oPV 770/95
999 _c22276
_d22276